Central Library OPAC University of Rajshahi

Interrelation Among Factors Influencing Educational Performance of Students in Higher Studies of Rajshahi City / (Record no. 80314)

MARC details
000 -LEADER
fixed length control field 01064nam a2200253 a 4500
001 - CONTROL NUMBER
RUCL Control Number 80314
003 - CONTROL NUMBER IDENTIFIER
rucl marc code BD-RjUL
005 - DATE AND TIME OF LATEST TRANSACTION
control field 20220907161509.0
008 - FIXED-LENGTH DATA ELEMENTS--GENERAL INFORMATION
fixed length control field 220907s2016 bg ||||| m||| 00| 0 eng d
035 ## - SYSTEM CONTROL NUMBER
system control number (BD-RjUL)80314
040 ## - CATALOGING SOURCE
Original cataloging agency BD-RjUL
Language of cataloging eng
Transcribing agency BD-RjUL
Modifying agency BD-RjUL
041 ## - LANGUAGE CODE
Language code of Book eng
082 ## - DEWEY DECIMAL CLASSIFICATION NUMBER
DDC Edition number 23
Classification number 305.8954924
Author mark and Year SAI 2016
100 ## - MAIN ENTRY--PERSONAL NAME
Personal name Saha, Usha Rani
9 (RLIN) 4675
245 01 - TITLE STATEMENT
Title Interrelation Among Factors Influencing Educational Performance of Students in Higher Studies of Rajshahi City /
Statement of responsibility, etc Usha Rani Saha ;
Name of Supervisor/Co-Supervisor Co-Supervisor : Provash Kumar Karmokar, Supervisor : Dilip Kumar Mondol
260 ## - PUBLICATION, DISTRIBUTION, ETC. (IMPRINT)
Place of publication, distribution, etc Rajshahi :
Name of publisher, distributor, etc Institute of Education and Research, University of Rajshahi,
Date of publication, distribution, etc 2016
300 ## - PHYSICAL DESCRIPTION
Pagination xiii, 193 Leaves ;
Dimensions 29 cm.
502 ## - DISSERTATION NOTE
Dissertation note Thesis (Ph. D.) -- Institute of Education and Research, University of Rajshahi, 2016
504 ## - BIBLIOGRAPHY, ETC. NOTE
Bibliography, etc References : Leaves [174]-187
650 ## - SUBJECT ADDED ENTRY--TOPICAL TERM
Topical term or geographic name as entry element Interrelation
Form subdivision Educational
Geographic subdivision Rajshahi City
9 (RLIN) 4676
700 ## - ADDED ENTRY--SUPERVISOR/CO-SUPERVISOR NAME
Personal name Karmokar, Provash Kumar, Co-Supervisor
9 (RLIN) 4677
Personal name Mondol, Dilip Kumar, Supervisor
9 (RLIN) 4678
942 ## - ADDED ENTRY ELEMENTS (KOHA)
Source of classification or shelving scheme Dewey Decimal Classification
Koha item type Theses
Holdings
Source of classification or shelving scheme Damaged status Not for loan Collection code Permanent Location Current Location Shelving location Date of accession Source of acquisition Total Checkouts Full call number Barcode Date last seen Copy number Thesis
Dewey Decimal Classification   Not For Loan Theses Central Library, University of Rajshahi Central Library, University of Rajshahi Documentation Section 04/04/2017 Controller of Exam. R.U   THE 305.8954924 SAI 2016 D4043 07/09/2022 C-1 Theses